01434nam a22002177a 4500999001900000003001000019005001700029008004100046040001400087041000700101100002700108245006200135260002700197300001200224500007000236520073700306650002001043654001101063942001201074952013001086 c358496d358496IT-MiCISF20191203171220.0191203b ||||| |||| 00| 0 eng d cIT-MiCISF ait aMitchell Juliet958030 aFratelli e sorellebPsicoanalisi delle relazioni laterali aRomabAstrolabioc2019 app. 271 afamiglia, rapporti-fratelli, psicoanalisi, incesto, assenza-madre aLa psicoanalista Juliet Mitchell analizza in questo testo il tema delle relazioni tra fratelli e sorelle, ponendo l’accento sull’importanza delle relazioni laterali, quelle ciò fra pari, troppo spesso sottomesse alle relazioni verticali, in cui è presente un’autorità di tipo genitoriale. Utilizzando un approccio multidisciplinare, che va dagli aneddoti alla neuropsichiatria, dalla politica agli studi di genere, dalla narrativa ai film, all’antropologia, l’autrice traccia un percorso incidentale alla psicoanalisi classica, che ripercorre i punti di vista sulla fratria di Freud, Bowlby e Klein fra gli altri, tutti a suo avviso manchevoli, e propone un nuovo paradigma destinato a orientare gli studi sul tema.  afamiglia956036 asaggio 2ddccBK 00102ddc406B_7561_00000000000000071aCISFbCISFd2019-12-03l0ob7561p9788834017784r2019-12-03 00:00:00w2019-12-03yBK